| 000 | 00439nam a2200181Ia 4500 | ||
|---|---|---|---|
| 001 | 502 | ||
| 005 | 20260306140522.0 | ||
| 008 | 260306t2011||||xx |||||||||||||| ||spa|| | ||
| 041 | _aESP | ||
| 082 |
_a121 _bV53 2011 |
||
| 100 |
_aVerneaux, Roger _eAUT |
||
| 245 | 0 | _aEpistemologĂa general o critica del conocimiento | |
| 260 | _c2011 | ||
| 300 |
_a248 páginas : _c21 cm. |
||
| 650 | _aGEN | ||
| 654 | _aCHU | ||
| 942 |
_cLIB _dJUS _fJUS _2ddc _n |
||
| 999 |
_c502 _d502 |
||